| 000 | 01013nac a22002771u 4500 | ||
|---|---|---|---|
| 999 |
_c3734 _d3734 |
||
| 003 | EG-ScBUE | ||
| 005 | 20210117101720.0 | ||
| 008 | 080826s ua f 000 f ara d | ||
| 017 | _a5045 | ||
| 020 | _a9773154649 | ||
| 040 |
_aEG-ScBUE _bara _erda _cEG-ScBUE _dEG-ScBUE |
||
| 082 | 0 | 4 |
_a892.726 _bإ د ر _222 |
| 100 | 1 |
_aإدريس، يوسف، _d1927-1991، _eمؤلف. _9224 |
|
| 245 | 1 | 0 |
_aنيويورك 80 : _bرواية / _cتأليف يوسف إدريس. |
| 246 | 3 |
_aنيويورك ثمانين : _bرواية |
|
| 264 | 1 |
_aالقاهرة : _bمكتبة مصر، _c[تاريخ النشر غير محدد] |
|
| 300 |
_a163 صفحة ؛ _b16 سم. |
||
| 336 |
_2rdacontent _aنص _btxt |
||
| 337 |
_2rdamedia _aبدون وسيط _bn |
||
| 338 |
_2rdacarrier _aمجلد _bnc |
||
| 490 | 0 | _aمطبوعات مكتبة مصر | |
| 650 | 7 |
_aالروايات العربية _zمصر _yقرن 20. _2BUEsh _9223 |
|
| 653 |
_bARALIT _cJanuary2021 |
||
| 655 |
_vReading book _934232 |
||
| 942 |
_cBB _k813 ا د ر _2ddc |
||